000 00843cam a2200229 4500
001 WB3705-42
008 000000n2001 000 0 eng u
035 _a(Sirsi) u110647
245 _aLandlords wire up for service
260 _c2001
490 _aFinancial Times
_v26 January 2001, 32(2)
520 _aResponding to its customers' needs the UK real estate industry has embraced the concept of wiring up its buildings to provide high-speed broadband capability. Considers the potential threats to tenants of landlords taking stakes in building-centric telecoms operators. Graphs.
590 _aWB
650 _aBROADBAND TECHNOLOGY
650 _aLANDLORDS
650 _aTENANTS
650 _aTELECOMMUNICATIONS
650 _aSERVICED OFFICES
650 _aBANDWIDTH
690 _aTRANSPORT AND COMMUNICATIONS
942 _n0
999 _c65931
_d65931